00220nam a2200085Ia 4500008004100000100001900041245002300060260004200083260000900125170620s9999 xx 000 0 und d aEdiger- Marlow 0aScience Curriculum bNew Delhi- Discovery Publishing House c2007